La lucha por el derecho /
Guardado en:
| Autor Principal: | |
|---|---|
| Formato: | Desconocido |
| Idioma: | Spanish |
| Publicado: |
Buenos Aires :
Atlántida,
1954
|
| Edición: | 1a. ed. |
| Series: | Colección de oro de cultura general.
|
| Materias: | |
| Etiquetas: |
Agregar Etiqueta
Sin Etiquetas, Sea el primero en etiquetar este registro!
|
| LEADER | 00489nac a22001575a 4500 | ||
|---|---|---|---|
| 001 | DER.der000541 | ||
| 008 | 180615s1954####ag#||||||||||||||#||spa|| | ||
| 005 | 20250204095622.0 | ||
| 245 | 1 | 0 | |a La lucha por el derecho / |c Rodolfo von Ihering |
| 250 | |a 1a. ed. | ||
| 260 | |a Buenos Aires : |b Atlántida, |c 1954 | ||
| 300 | |a 142 p. | ||
| 440 | 0 | |a Colección de oro de cultura general. |n 152 | |
| 100 | 1 | |a Ihering, Rodolfo von | |
| 650 | 7 | |a INTRODUCCION AL DERECHO | |
| 859 | |a DERECHO |b BIB. DERECHO |h 340.11 |i IHE |p 000454 | ||
